| 000 | 00652nam a2200181 a 4500 | ||
|---|---|---|---|
| 008 | 081021s1978 ||||||||||||||||| || u | ||
| 050 | _aIBRD(08) | ||
| 100 | _aGould, William T.S | ||
| 245 | 1 | 0 | _aGuidelines for school location planning |
| 260 |
_aWashington D.C _bWorld Bank _c1978 |
||
| 300 | _a103p. : illus. | ||
| 350 | _a0.00 | ||
| 362 | 1 | _ano. 308 | |
| 490 | _aWorld Bank Staff working paper | ||
| 650 | _aEDUCATIONAL--PLANNING | ||
| 650 | 0 | _aEDUCATIONAL TESTS AND MEASUREMENTS | |
| 995 |
_D0.00 _FCBU-MAIN LIBRARY (Kitwe) _H1 _I0.00 _M1 _UAVAILABLE _WOct 21, 2008 _ZInternational Publications |
||
| 999 |
_c45175 _d45175 |
||